Library Banner

Electronic devices and circuits (Record no. 17824)

MARC details
000 -LEADER
fixed length control field 00498nam a2200193Ia 4500
001 - CONTROL NUMBER
control field 17402
008 - FIXED-LENGTH DATA ELEMENTS--GENERAL INFORMATION
fixed length control field 140405s9999 xx 000 0 und d
020 ## - INTERNATIONAL STANDARD BOOK NUMBER
International Standard Book Number 0-13-393760-7
040 ## - CATALOGING SOURCE
Transcribing agency PK-LaUMT
082 ## - DEWEY DECIMAL CLASSIFICATION NUMBER
Classification number 621.3815
Item number BOG-E
100 ## - MAIN ENTRY--PERSONAL NAME
Personal name Theodore F. Bogart
245 ## - TITLE STATEMENT
Title Electronic devices and circuits
Statement of responsibility, etc Theodore F. Bogart
250 ## - EDITION STATEMENT
Edition statement 4th
260 ## - PUBLICATION, DISTRIBUTION, ETC. (IMPRINT)
Place of publication, distribution, etc Upper Saddle River,USA:
Name of publisher, distributor, etc Prentice Hall,
Date of publication, distribution, etc 1997
300 ## - PHYSICAL DESCRIPTION
Extent 1001 p.
546 ## - LANGUAGE NOTE
Language note EN
650 ## - SUBJECT ADDED ENTRY--TOPICAL TERM
Topical term or geographic name as entry element Electronics circuits
942 ## - ADDED ENTRY ELEMENTS (KOHA)
Koha item type Books
Holdings
Withdrawn status Lost status Source of classification or shelving scheme Damaged status Not for loan Home library Current library Date acquired Total Checkouts Full call number Barcode Date last seen Price effective from Koha item type
    Dewey Decimal Classification     UMT Main Campus UMT Main Campus 2014-06-17   621.3815 BOG-E 23652 2014-06-17 2014-06-17 Books